Loading...
Bibilile ulppathi innathekku
| Hovedforfatter: | |
|---|---|
| Format: | Printed Book |
| Udgivet: |
Cheppad
Prathyasa deepam
|
| LEADER | 00364nam a22001097a 4500 | ||
|---|---|---|---|
| 082 | |a 220 |b KUR.B | ||
| 100 | |a Kuruda Mannil J C | ||
| 245 | |a Bibilile ulppathi innathekku | ||
| 260 | |a Cheppad |b Prathyasa deepam | ||
| 942 | |c BK | ||
| 999 | |c 7511 |d 7511 | ||
| 952 | |0 0 |1 0 |4 0 |6 220_000000000000000_KUR_B |7 0 |8 NFIC |9 9318 |a CAMPUS |b CAMPUS |d 2016-02-18 |l 0 |o 220 KUR.B |p G.0637 |r 2016-02-18 |w 2019-07-15 |y BK | ||